Responses for show #4857 - Tuesday, October 25, 2005

(Kelly: We're here in wonderful Copenhagen celebrating 200 years of Hans Christian Andersen. Join us, next on Jeopardy!)

Contestants

Diane Mettam, a pastor from Independence, California

Chris Jones, a loan consultant from Chalfont, Pennsylvania

John Kelly, an attorney from Atlanta, Georgia (whose 1-day cash winnings total $21,601)

Jeopardy! Round responses

HANS CHRISTIAN ANDERSEN
(Alex: We're celebrating his bicentennial this year.)
ABBA-SOLUTELY FABULOUS
FIRST NAME'S THE SAME
THE BRADY BRUNCH
SPEECH! SPEECH!
OH, BE "SILENT"!
    $200 12
her voice

Diane
    $200 16
Sweden

Diane
    $200 3
Harry

John
    $200 11
(John: What is an omelette?)
(Chris: What is a quiche?)

a soufflé

JohnChrisDiane
    $200 22
Reagan

Chris
    $200 1
"Silent Night"

Diane
    $400 13
the Ugly Duckling

Diane
    $400 25
the Dancing Queen

John
    $400 4
Debbie

Chris
    $400 15
[Alex imitates Humphrey Bogart for "these & applesauce, sweetheart."]

pork chops

Triple Stumper
    $400 23
Clarence Darrow

John
    $400 2
a silent auction

Chris
    $600 14
harbor

John
    $600 26
"Waterloo"

Diane
    $600 5
Edgar

Diane
    $600 19
blintzes

Diane
    $2,800 24
(Alex: You loved the baseball category yesterday, and oddly enough, it came up for you again here!)

Lou Gehrig

John
    $600 7
the silent majority

Diane
    $800 17
"The Princess and the Pea"

Diane
    $800 27
Mamma Mia!

Chris
    $800 6
Edmund

John
    $800 20
a mimosa

Chris
    $800 29
(Mahatma) Gandhi

Chris
    $800 8
Silent Movie

Diane
    $1000 18
(Chris: What is "The Emperor's New Clothes"?)

"The Nightingale"

ChrisDiane
    $1000 28
"SOS"

John
    $1000 10
Ryan

John
    $1000 21
a frittata

Diane
    $1000 30
(John: What is Poughkeepsie?)

Seneca Falls

John
Triple Stumper
    $1000 9
a silent butler

Diane

Scores at the first commercial break (after clue 15):

John Chris Diane
$2,400 $600 $4,000

Scores at the end of the Jeopardy! Round:

John Chris Diane
$6,000 $2,200 $8,200

Double Jeopardy! Round responses

WORLD CAPITALS
MOVIES TO THE MAX
ALMOST ASSASSINATED
AMERICAN WOMEN
FURRED, FEATHERED, FINNED
THE "O.C."
    $400 3
Mexico City

Chris
    $400 2
The Sound of Music

John
    $400 22
FDR

John
    $400 13
(Georgia) O'Keeffe

John
    $400 17
a pelican

John
    $400 7
oyster crackers

Chris
    $800 9
Manila

Chris
    $800 1
Rebecca

Diane
    $800 23
Pope John Paul II

Chris
    $800 27
break the sound barrier

Diane
    $800 18
(Alex: It's a [*]. That's a tough one.)

marsupial

Triple Stumper
    $800 8
Oxford cloth

John
    $1200 14
Bogota

Chris
    $1200 4
Max Baer (Jr.)

Chris
    $1200 24
Ford

Chris
    $1200 30
(Alex: [*], Bob's boss.)

(Katharine) Graham

John
    $1200 19
a shark

Triple Stumper
    $1200 10
objective case

Chris
    $1600 15
Bucharest

John
    $1600 5
(Chris: Who is Max von Sydow?)
...
(Alex: He appeared in the film and it's Max, [*].)

Maximilian Schell

Chris
Triple Stumper
    $2,800 25
(Chris: Who is Malcolm X?)
(Alex: Oh, no. Who is [*]? [*]. They tried to get Big Chuck. Select.)

Charles de Gaulle

Chris
    $1600 29
Poetry

John
    $2,500 20
(John: What is an inchworm?)

a pica

John
    $1600 11
Oleg Cassini

Diane
    $2000 16
Belmopan

John
    $2000 6
Max Reinhardt

Triple Stumper
    $2000 26
Theodore Roosevelt

John
    $2000 28
(John: Who is Kay Bailey Hutchinson?)
(Alex: Say it again.)
(John: Hutchinson? Who is Hutchinson?)
...
(Alex: [*], no "N" in the middle.)

Kay Bailey Hutchison

JohnChris
    $2000 21
a stickleback

Triple Stumper
    $2000 12
op. cit.

Triple Stumper

Scores at the end of the Double Jeopardy! Round:

John Chris Diane
$12,300 $7,000 $11,400

[wagering suggestions for these scores]

Final Jeopardy! Round responses

YOUTH ORGANIZATIONS
(Alex: I know you were tempted to go for Scouts or Guides. Let's see what you came up with.)
...
(Alex: Head, heart, hands, health, you're right!)
[ZergCam]
ChrisWhat is the Boy Scouts?
$2,600
DianeWhat is the 4H?
$8,000
JohnWhat is the Girl Scouts
$10,501
4H

Final scores:

John Chris Diane
$1,799 $4,400 $19,400
3rd place: $1,000 2nd place: $2,000 New champion: $19,400

Game dynamics:

Coryat scores:

John Chris Diane
$12,600 $9,800 $11,400
18 R
(including 1 DD),
4 W
(including 1 DD)
15 R,
4 W
(including 1 DD)
17 R,
0 W

Combined Coryat: $33,800

The J! Archive is created by fans, for fans. The Jeopardy! game show and all elements thereof, including but not limited to copyright and trademark thereto, are the property of Jeopardy Productions, Inc. and are protected under law. This website is not affiliated with, sponsored by, or operated by Jeopardy Productions, Inc. Join the discussion at JBoard.tv.